[Event "Oberliga Nord W 1516"]
[Site "Germany"]
[Date "2015.11.15"]
[Round "3.6"]
[White "Korsus, Bernd"]
[Black "Kyas, Philipp"]
[Result "1-0"]
[WhiteElo "2309"]
[BlackElo "2076"]
[PlyCount "76"]
[EventDate "2015.09.20"]
[EventType "team-tourn"]
[EventRounds "9"]
[EventCountry "GER"]
[SourceTitle "CBM 170 Extra"]
[Source "ChessBase"]
[SourceDate "2016.02.25"]
[SourceVersion "1"]
[SourceVersionDate "2016.02.25"]
[SourceQuality "1"]
[WhiteTeam "Delmenhorst"]
[BlackTeam "Goettingen Tempo"]
[WhiteTeamCountry "GER"]
[BlackTeamCountry "GER"]

1. d4 d5 2. c4 e6 3. Nf3 c5 4. cxd5 exd5 5. g3 Nc6 6. Bg2 Nf6 7. 0-0 Be7 8. dxc5 Bxc5 9. Nc3 0-0 10. Bg5 Be6 11. Rc1 Be7 12. Nd4 h6 13. Bf4 g5 14. Nxe6 fxe6 15. Bd2 Ne5 16. Na4 Nc4 17. Rxc4 dxc4 18. Bxb7 Rb8 19. Bg2 Bb4 20. Nc3 Bc5 21. Qc2 Kg7 22. Na4 Bd4 23. a3 Ng4 24. e3 Bf6 25. Bb4 Rxb4 26. axb4 Ne5 27. Nc5 Qe7 28. Qe4 g4 29. f4 gxf3 30. Bxf3 Rb8 31. Bg4 Rxb4 32. Nxe6+ Kg8 33. Qa8+ Kf7 34. Rxf6+ Kxf6 35. Qh8+ Kg6 36. Qxe5 Kh7 37. Qe4+ Kh8 38. Qa8+ Rb8 1-0

[Event "GER-chT Lands U20"]
[Site "Hannover"]
[Date "2015.10.04"]
[Round "2.2"]
[White "Kyas, Philipp"]
[Black "Schmidt, Tobias"]
[Result "1-0"]
[WhiteElo "2099"]
[BlackElo "2123"]
[PlyCount "89"]
[EventDate "2015.10.03"]
[EventType "team-swiss"]
[EventRounds "7"]
[EventCountry "GER"]
[SourceTitle "CBM 168 Extra"]
[Source "ChessBase"]
[SourceDate "2015.10.29"]
[SourceVersion "1"]
[SourceVersionDate "2015.10.29"]
[SourceQuality "1"]
[WhiteTeam "Niedersachsen (U20)"]
[BlackTeam "Wuerttemberg (U20)"]
[WhiteTeamCountry "GER"]
[BlackTeamCountry "GER"]

1. d4 d5 2. c4 e6 3. Nc3 Nf6 4. cxd5 exd5 5. Bg5 c6 6. e3 Bf5 7. Nf3 Be7 8. Bd3 Bxd3 9. Qxd3 0-0 10. 0-0 Nbd7 11. Rae1 Re8 12. Nd2 Ne4 13. Bxe7 Qxe7 14. f3 Nxd2 15. Qxd2 Qg5 16. Qd3 Rad8 17. Re2 Re6 18. f4 Qe7 19. f5 Rh6 20. e4 dxe4 21. Nxe4 Qb4 22. a3 Qb6 23. Rfe1 Ne5 24. Nc5 Qxc5 25. dxc5 Rxd3 26. Rxe5 g5 27. Re8+ Kg7 28. R8e7 Rb3 29. R1e2 Rh4 30. Rd7 Rc4 31. Ree7 Rxb2 32. Rxf7+ Kg8 33. h3 Rcc2 34. Rg7+ Kf8 35. Rxg5 Rxc5 36. Rxh7 a5 37. Rc7 b5 38. Rh5 Kg8 39. Rg5+ Kf8 40. h4 b4 41. f6 Rb1+ 42. Kh2 Rbc1 43. Rgg7 Re1 44. Rh7 Kg8 45. Rcg7+ 1-0

[Event "BL2-Nord 1314"]
[Site "Germany"]
[Date "2014.03.16"]
[Round "8.3"]
[White "Luch, Michal"]
[Black "Kyas, Philipp"]
[Result "1/2-1/2"]
[WhiteElo "2438"]
[BlackElo "2060"]
[PlyCount "155"]
[EventDate "2013.10.13"]
[EventType "team-tourn"]
[EventRounds "9"]
[EventCountry "GER"]
[SourceTitle "EXT 2015"]
[Source "ChessBase"]
[SourceDate "2014.11.20"]
[SourceVersion "1"]
[SourceVersionDate "2014.11.20"]
[SourceQuality "1"]
[WhiteTeam "Zehlendorf"]
[BlackTeam "Goettingen"]
[WhiteTeamCountry "GER"]
[BlackTeamCountry "GER"]

1. d4 d5 2. c4 e6 3. Nc3 Nf6 4. cxd5 exd5 5. Bg5 Be7 6. e3 0-0 7. Bd3 Nbd7 8. Qc2 Re8 9. Nge2 Nf8 10. 0-0 c6 11. f3 h6 12. Bh4 Ne6 13. Rad1 b6 14. Kh1 Bb7 15. Bf5 Qc7 16. e4 Nxe4 17. Bxe6 Nxc3 18. Bg3 Bd6 19. Bxd6 Qxd6 20. Bxf7+ Kxf7 21. Nxc3 Re6 22. f4 Rae8 23. f5 Re3 24. Qf2 Ba6 25. Rg1 Bd3 26. Qh4 Kg8 27. Qf2 Qf6 28. Qf4 Qxf5 29. Qc7 Qf2 30. h3 c5 31. Qd7 Bf5 32. Qxd5+ Be6 33. Qh5 Bf7 34. Qg4 cxd4 35. Nb5 R3e4 36. Qd7 Re1 37. Qxd4 Rxg1+ 38. Rxg1 Qxd4 39. Nxd4 Bxa2 40. Ra1 Re4 41. Rxa2 Rxd4 42. Rxa7 Rd2 43. Rb7 Rxb2 44. h4 h5 45. Kh2 Kh7 46. Rb8 Kg6 47. Rb7 Kf6 48. Rb8 Rb4 49. Kh3 g5 50. hxg5+ Kxg5 51. Rg8+ Kf5 52. g3 Rb5 53. Kh4 Ke4 54. Rh8 Rb1 55. Re8+ Kf5 56. Rf8+ Kg6 57. Rg8+ Kh7 58. Rb8 Rb5 59. g4 hxg4 60. Kxg4 Kg6 61. Kf4 Kf6 62. Ke4 Ke6 63. Kd4 Rb4+ 64. Kc3 Rb1 65. Rd8 b5 66. Rd4 Ke5 67. Rd8 Ke4 68. Rd4+ Ke3 69. Rd3+ Ke2 70. Rd2+ Ke3 71. Rd3+ Ke4 72. Rd4+ Ke5 73. Rd8 b4+ 74. Kc2 Rh1 75. Kb3 Rh4 76. Rb8 Kd5 77. Rxb4 Rxb4+ 78. Kxb4 1/2-1/2

[Event "GER-chT Lands U20"]
[Site "Hannover"]
[Date "2013.10.05"]
[Round "6.2"]
[White "Gibicar, Danijel"]
[Black "Kyas, Philipp"]
[Result "0-1"]
[WhiteElo "2130"]
[BlackElo "2061"]
[PlyCount "108"]
[EventDate "2013.10.02"]
[EventType "team-swiss"]
[EventRounds "7"]
[EventCountry "GER"]
[SourceTitle "EXT 2014"]
[Source "ChessBase"]
[SourceDate "2013.11.20"]
[SourceVersion "1"]
[SourceVersionDate "2013.11.20"]
[SourceQuality "1"]
[WhiteTeam "Wuerttemberg"]
[BlackTeam "Niedersachsen II"]
[WhiteTeamCountry "GER"]
[BlackTeamCountry "GER"]

1. e4 e5 2. Nf3 Nc6 3. Bb5 a6 4. Ba4 Nf6 5. d3 b5 6. Bb3 Be7 7. 0-0 d6 8. c3 0-0 9. Re1 Na5 10. Bc2 c5 11. Nbd2 Qc7 12. Nf1 Be6 13. Ng3 Rfd8 14. h3 Nc6 15. Nh2 d5 16. Qf3 d4 17. Nf5 c4 18. cxd4 Bxf5 19. exf5 Nxd4 20. Qd1 Nxf5 21. Ng4 Nxg4 22. hxg4 Nd4 23. dxc4 Nb3 24. Bxh7+ Kxh7 25. Qxb3 Qxc4 26. Qxc4 bxc4 27. Be3 Rd3 28. Rac1 Rc8 29. Re2 c3 30. bxc3 Ba3 31. Rcc2 Rcxc3 32. Rxc3 Rxc3 33. g3 Kg6 34. Kg2 f6 35. Kf3 Bc1 36. Ke4 Bxe3 37. fxe3 Kg5 38. Kf3 Ra3 39. Rc2 g6 40. Rd2 Ra4 41. Rb2 e4+ 42. Kf2 Kxg4 43. Rc2 f5 44. Rb2 g5 45. Rc2 Ra3 46. Rb2 a5 47. Re2 a4 48. Rd2 Rc3 49. Rb2 a3 50. Rd2 Rc1 51. Kg2 Rb1 52. Rc2 Rb2 53. Rf2 Rxf2+ 54. Kxf2 Kh3 0-1

[Event "GER-chT Lands U20"]
[Site "Hannover"]
[Date "2013.10.04"]
[Round "5.2"]
[White "Kyas, Philipp"]
[Black "Heinemann, Josefine"]
[Result "1/2-1/2"]
[WhiteElo "2061"]
[BlackElo "2011"]
[PlyCount "152"]
[EventDate "2013.10.02"]
[EventType "team-swiss"]
[EventRounds "7"]
[EventCountry "GER"]
[SourceTitle "EXT 2014"]
[Source "ChessBase"]
[SourceDate "2013.11.20"]
[SourceVersion "1"]
[SourceVersionDate "2013.11.20"]
[SourceQuality "1"]
[WhiteTeam "Niedersachsen II"]
[BlackTeam "Sachsen Anhalt"]
[WhiteTeamCountry "GER"]
[BlackTeamCountry "GER"]

1. d4 Nf6 2. c4 g6 3. Nc3 d5 4. cxd5 Nxd5 5. e4 Nxc3 6. bxc3 Bg7 7. Bc4 c5 8. Ne2 Nc6 9. Be3 0-0 10. 0-0 Qc7 11. Qd2 cxd4 12. cxd4 Nxd4 13. Bxf7+ Rxf7 14. Bxd4 e5 15. Be3 Be6 16. Rac1 Qd7 17. Qb2 b6 18. Rfd1 Qb7 19. Rd6 Re8 20. Qb5 Rd7 21. h3 Rxd6 22. Qxe8+ Bf8 23. Bh6 Qe7 24. Qb8 Qd8 25. Qxd8 Rxd8 26. Bg5 Rc8 27. Rxc8 Bxc8 28. Nc3 Kf7 29. Be3 Ba6 30. a4 Bc4 31. f3 Bb4 32. Nb5 a6 33. Na7 b5 34. axb5 axb5 35. Nc6 Bc3 36. Bc5 Ke6 37. Kh2 Kd7 38. Nb4 Bd4 39. Bf8 Kc7 40. Be7 Kb6 41. Bd8+ Kb7 42. Be7 Bb3 43. Nd3 Kc6 44. Kg3 Kd7 45. Bf8 Bc4 46. Nb4 Bb6 47. Na6 Bd8 48. f4 exf4+ 49. Kxf4 Be7 50. Bxe7 Kxe7 51. Ke5 Bf1 52. g4 Bxh3 53. g5 Bg2 54. Nc7 Bf1 55. Nd5+ Kf7 56. Kd6 Bg2 57. Ke5 Kg7 58. Kd4 h5 59. gxh6+ Kxh6 60. Nf4 Bf1 61. e5 g5 62. e6 Kg7 63. Nh5+ Kf8 64. Nf6 Ke7 65. Ke5 Bc4 66. Ng8+ Ke8 67. Nf6+ Kd8 68. Kf5 Bxe6+ 69. Kxe6 b4 70. Kf5 b3 71. Ne4 Kc7 72. Kxg5 Kc6 73. Kf4 Kd5 74. Nc3+ Kc4 75. Na4 Kb4 76. Nb2 Kc3 1/2-1/2

[Event "Oberliga Nord W 1213"]
[Site "Germany"]
[Date "2013.04.14"]
[Round "9.5"]
[White "Schmidt, Dennis"]
[Black "Kyas, Philipp"]
[Result "0-1"]
[WhiteElo "2063"]
[BlackElo "2076"]
[PlyCount "146"]
[EventDate "2012.10.14"]
[EventType "team-tourn"]
[EventRounds "9"]
[EventCountry "GER"]
[SourceTitle "EXT 2014"]
[Source "ChessBase"]
[SourceDate "2013.11.20"]
[SourceVersion "1"]
[SourceVersionDate "2013.11.20"]
[SourceQuality "1"]
[WhiteTeam "Hameln"]
[BlackTeam "Goettingen Tempo"]
[WhiteTeamCountry "GER"]
[BlackTeamCountry "GER"]

1. e4 e5 2. Nc3 Nc6 3. Bc4 Nf6 4. d3 Na5 5. a3 Nxc4 6. dxc4 d6 7. Qd3 Be6 8. Nf3 c6 9. h3 Be7 10. Ng5 Qc7 11. 0-0 0-0 12. f4 exf4 13. Bxf4 Nh5 14. Be3 Bxg5 15. Bxg5 Qa5 16. Be3 Qe5 17. Rad1 Rad8 18. c5 d5 19. exd5 cxd5 20. Bd4 Qg5 21. Qf3 Ng3 22. Rfe1 Nf5 23. Bf2 Qg6 24. Nxd5 h6 25. Nf4 Qf6 26. Nxe6 fxe6 27. Rxd8 Rxd8 28. Qe4 Rd2 29. Qxe6+ Qxe6 30. Rxe6 Kf7 31. Re5 Kf6 32. Re4 Rxc2 33. Rb4 Rc1+ 34. Kh2 Rc2 35. Rf4 Ke5 36. Rf3 Ke4 37. b4 g5 38. Bg1 Rxg2+ 39. Kxg2 Nh4+ 40. Kg3 Nxf3 41. Bf2 Ne5 42. c6 Nxc6 43. Kg4 a6 44. Kh5 Ne5 45. Kxh6 g4 46. h4 Kf4 47. h5 g3 48. Bd4 g2 49. Kg7 Ng4 50. Bg1 Kg5 51. Kf7 Ne5+ 52. Ke6 Nc4 53. a4 b5 54. a5 Nxa5 55. Kd5 Nc4 56. Ke4 Nb2 57. Kf3 Nd3 58. Kxg2 Nxb4 59. Kf3 a5 60. Ke2 Kxh5 61. Kd2 Kg4 62. Bb6 a4 63. Bc5 Nc6 64. Kc3 Kf4 65. Bf8 Ke3 66. Bc5+ Ke2 67. Bf8 Kd1 68. Bh6 b4+ 69. Kb2 a3+ 70. Kb3 Nd4+ 71. Ka2 Kc2 72. Bg7 Nb5 73. Bb2 b3+ 0-1

[Event "Niedersachsen-ch U18"]
[Site "Rotenburg"]
[Date "2013.03.23"]
[Round "1"]
[White "Hans, Julian"]
[Black "Kyas, Philipp"]
[Result "1-0"]
[WhiteElo "1707"]
[BlackElo "2048"]
[PlyCount "95"]
[EventDate "2013.03.23"]
[EventType "swiss"]
[EventRounds "9"]
[EventCountry "GER"]
[SourceTitle "EXT 2015"]
[Source "ChessBase"]
[SourceDate "2014.11.20"]
[SourceVersion "1"]
[SourceVersionDate "2014.11.20"]
[SourceQuality "1"]

1. e4 e5 2. Nf3 Nc6 3. Bc4 Bc5 4. b4 Bxb4 5. c3 Ba5 6. d4 exd4 7. 0-0 Nf6 8. e5 d5 9. exf6 dxc4 10. fxg7 Rg8 11. Re1+ Be6 12. Ng5 Qf6 13. Nxe6 fxe6 14. Qh5+ Kd7 15. Bh6 dxc3 16. Qd1+ Kc8 17. Qg4 Nd8 18. Qh3 Bb4 19. a3 Bc5 20. Kh1 Bd4 21. Ra2 Qg6 22. Rae2 Kb8 23. Re4 Bxf2 24. Rg4 Qf5 25. Rf4 Qa5 26. Qxc3 Qxc3 27. Nxc3 Bc5 28. Ne4 Be7 29. Nf6 Bxf6 30. Rxf6 Kc8 31. Rf8 Rxg7 32. Bxg7 Kd7 33. Rd1+ Ke7 34. Rfxd8 Rxd8 35. Bf6+ Kxf6 36. Rxd8 c3 37. Rd1 b5 38. Rc1 c5 39. Rxc3 c4 40. Kg1 Ke5 41. Kf2 Kd4 42. Rh3 c3 43. Ke2 Kc4 44. Rxh7 a5 45. Ra7 a4 46. Ra5 b4 47. Rxa4 c2 48. Kd2 1-0

[Event "Oberliga Nord W 1213"]
[Site "Germany"]
[Date "2012.10.14"]
[Round "1.4"]
[White "Cordes, Klaus"]
[Black "Kyas, Philipp"]
[Result "1-0"]
[WhiteElo "2251"]
[BlackElo "2076"]
[PlyCount "91"]
[EventDate "2012.10.14"]
[EventType "team-tourn"]
[EventRounds "9"]
[EventCountry "GER"]
[SourceTitle "EXT 2014"]
[Source "ChessBase"]
[SourceDate "2013.11.20"]
[SourceVersion "1"]
[SourceVersionDate "2013.11.20"]
[SourceQuality "1"]
[WhiteTeam "Lister Turm"]
[BlackTeam "Goettingen Tempo"]
[WhiteTeamCountry "GER"]
[BlackTeamCountry "GER"]

1. Nf3 Nf6 2. g3 e6 3. Bg2 d5 4. 0-0 c5 5. d3 Nc6 6. Nbd2 Bd6 7. e4 d4 8. Nc4 e5 9. Nxd6+ Qxd6 10. a4 Bg4 11. h3 Bxf3 12. Qxf3 0-0 13. Qe2 Rfd8 14. f4 c4 15. fxe5 Nxe5 16. Bg5 Qb6 17. Bxf6 gxf6 18. Rab1 cxd3 19. cxd3 Qb3 20. Rbd1 Rd6 21. Rf5 Rc6 22. Rd2 Rac8 23. Bf1 Kg7 24. Qh5 Qb4 25. Rdf2 Ng6 26. Qg4 Qe7 27. e5 fxe5 28. Rxf7+ Qxf7 29. Rxf7+ Kxf7 30. Qd7+ Ne7 31. Bg2 Rc1+ 32. Kh2 R8c2 33. h4 Rxb2 34. Kh3 Rc5 35. Bxb7 Rb6 36. Be4 Rf6 37. Qxa7 Rc2 38. Qd7 Rc5 39. Bxh7 Rd5 40. Qb7 Rdd6 41. Be4 Rb6 42. Qc7 Rfd6 43. a5 Ra6 44. Bb7 Kf6 45. Bxa6 Rxa6 46. Qb7 1-0

[Event "GER-chT Lands U20"]
[Site "Hannover"]
[Date "2012.10.01"]
[Round "4.3"]
[White "Kyas, Philipp"]
[Black "Bingert, Tim Niklas"]
[Result "1-0"]
[WhiteElo "2092"]
[BlackElo "2030"]
[PlyCount "95"]
[EventDate "2012.09.29"]
[EventType "team-swiss"]
[EventRounds "7"]
[EventCountry "GER"]
[SourceTitle "CBM 150 Extra"]
[Source "ChessBase"]
[SourceDate "2012.10.19"]
[SourceVersion "1"]
[SourceVersionDate "2012.10.19"]
[SourceQuality "1"]
[WhiteTeam "Niedersachsen II"]
[BlackTeam "Hessen II"]
[WhiteTeamCountry "GER"]
[BlackTeamCountry "GER"]

1. d4 d5 2. c4 e6 3. Nc3 Be7 4. Nf3 Nf6 5. cxd5 exd5 6. Bg5 c6 7. e3 Bf5 8. Ne5 Nbd7 9. Bd3 Bxd3 10. Nxd3 0-0 11. 0-0 Re8 12. f3 Nf8 13. Bh4 Ne6 14. Kh1 Rc8 15. b4 b6 16. Qb3 c5 17. bxc5 bxc5 18. dxc5 d4 19. exd4 Qxd4 20. Bxf6 Bxf6 21. Nb5 Qxa1 22. Rxa1 Bxa1 23. Nd6 Rb8 24. Qd1 Bd4 25. Nxe8 Rxe8 26. c6 Rc8 27. Nb4 Kf8 28. g3 a5 29. Nc2 Bc5 30. Qd7 Rc7 31. Qd5 Ke7 32. f4 g6 33. Ne1 Bd6 34. Nf3 f6 35. Qe4 Kf7 36. Nd4 Nxd4 37. Qxd4 Ke6 38. Qe4+ Kf7 39. f5 gxf5 40. Qxf5 Kg7 41. Qe6 Be5 42. Qe8 a4 43. Kg2 a3 44. Kf3 Ra7 45. Kg4 Ra4+ 46. Kf5 Ra5 47. Qe7+ Kh6 48. Qf8+ 1-0

[Event "GER-ch Net qual4 U18"]
[Site "Playchess.com INT"]
[Date "2012.09.12"]
[Round "3"]
[White "Stephan, Michael"]
[Black "Kyas, Philipp"]
[Result "0-1"]
[WhiteElo "1724"]
[BlackElo "1883"]
[PlyCount "42"]
[EventDate "2012.09.12"]
[EventType "swiss (blitz)"]
[EventRounds "7"]
[EventCountry "GER"]
[SourceTitle "CBM 150 Extra"]
[Source "ChessBase"]
[SourceDate "2012.10.19"]
[SourceVersion "1"]
[SourceVersionDate "2012.10.19"]
[SourceQuality "1"]

1. e4 e5 2. Nf3 Nc6 3. Bb5 a6 4. Ba4 Nf6 5. 0-0 b5 6. Bb3 Be7 7. Re1 d6 8. c3 0-0 9. h3 Na5 10. Bc2 c5 11. d4 Nd7 12. Nbd2 exd4 13. cxd4 Nc6 14. d5 Nce5 15. Nxe5 Nxe5 16. f4 Ng6 17. Nf3 Bh4 18. Nxh4 Qxh4 19. Rf1 f5 20. Kh2 fxe4 21. g3 Qxh3+ 0-1

[Event "Niedersachsen-ch U16"]
[Site "Rotenburg"]
[Date "2012.04.01"]
[Round "3"]
[White "Kyas, Philipp"]
[Black "Finke, Maurice"]
[Result "1-0"]
[WhiteElo "2112"]
[BlackElo "1932"]
[PlyCount "55"]
[EventDate "2012.03.31"]
[EventType "swiss"]
[EventRounds "9"]
[EventCountry "GER"]
[SourceTitle "EXT 2015"]
[Source "ChessBase"]
[SourceDate "2014.11.20"]
[SourceVersion "1"]
[SourceVersionDate "2014.11.20"]
[SourceQuality "1"]

1. d4 e6 2. c4 b6 3. Nc3 Bb7 4. Qc2 Bb4 5. e3 f5 6. Nf3 Nf6 7. Bd3 Ne4 8. Bd2 Nxd2 9. Qxd2 0-0 10. a3 Bxc3 11. Qxc3 d6 12. Qc2 Nd7 13. d5 exd5 14. Bxf5 Ne5 15. Nxe5 dxe5 16. cxd5 Qxd5 17. Bxh7+ Kh8 18. f3 e4 19. Bxe4 Qa5+ 20. b4 Bxe4 21. Qxe4 Qa6 22. Kf2 Rad8 23. Rhd1 Rxd1 24. Rxd1 Qxa3 25. Rd5 Qb2+ 26. Kg3 Qf6 27. Rh5+ Kg8 28. Qh7+ 1-0

[Event "Niedersachsen-ch U16"]
[Site "Rotenburg"]
[Date "2012.03.31"]
[Round "1"]
[White "Kyas, Philipp"]
[Black "Oshionwu, Nelo"]
[Result "1-0"]
[WhiteElo "2112"]
[BlackElo "1696"]
[PlyCount "61"]
[EventDate "2012.03.31"]
[EventType "swiss"]
[EventRounds "9"]
[EventCountry "GER"]
[SourceTitle "EXT 2015"]
[Source "ChessBase"]
[SourceDate "2014.11.20"]
[SourceVersion "1"]
[SourceVersionDate "2014.11.20"]
[SourceQuality "1"]

1. d4 d5 2. c4 e6 3. Nc3 f5 4. cxd5 exd5 5. Nf3 Nf6 6. Bg5 c6 7. Qc2 Bd6 8. Bxf6 gxf6 9. e3 f4 10. Bd3 fxe3 11. Bxh7 Qe7 12. Nxd5 exf2+ 13. Kxf2 Qg7 14. Bg6+ Kd8 15. Ne3 Bf4 16. h4 Nd7 17. h5 Bxe3+ 18. Kxe3 Nf8 19. Kf2 Rg8 20. Rae1 Nxg6 21. hxg6 Qxg6 22. Qxg6 Rxg6 23. Rh8+ Kd7 24. g3 b6 25. Ree8 Rg7 26. Nh4 Rf7 27. Nf5 c5 28. dxc5 bxc5 29. Rxc8 Rxc8 30. Rxc8 Rh7 31. Rxc5 1-0